书目信息 |
| 题名: |
高分子辐射化学基础
|
|
| 作者: | 黄光琳 编著 | |
| 分册: | ||
| 出版信息: | 成都 四川大学出版社 1993.09 |
|
| 页数: | 361页 | |
| 开本: | 32开 | |
| 丛书名: | ||
| 单 册: | ||
| 中图分类: | O631.34 | |
| 科图分类: | ||
| 主题词: | 高分子化学 , 高聚物 | |
| 电子资源: | ||
| ISBN: | 7-5614-0902-8 | |
| 000 | 00596nam0 2200205 45 | |
| 001 | 0008161725 | |
| 005 | 20000816172013.1 | |
| 010 | @a7-5614-0902-8@d8.00元 | |
| 100 | @a20000816d1993 km y0chiy0120 ea | |
| 101 | 0 | @achi |
| 105 | @a z 000yy | |
| 200 | 1 | @a高分子辐射化学基础@AGao Fen Zi Fu She Hua Xue Ji Chu@f黄光琳等编著@FHuang Guang Lin Deng Bian Zhu |
| 210 | @a成都@c四川大学出版社@d1993.09 | |
| 215 | @a361页@d32开 | |
| 606 | 0 | @a高分子化学 |
| 606 | 0 | @a高聚物 |
| 690 | @aO631.34@v3 | |
| 701 | 0 | @a黄光琳@4编著 |
| 801 | @aCN@bPftUser@c20000816 | |
| 905 | @b106782-786@dO631.34@eH448@f5 | |
| 高分子辐射化学基础/黄光琳等编著.-成都:四川大学出版社,1993.09 |
| 361页;32开 |
| ISBN 7-5614-0902-8:8.00元 |
| ● |
| 相关链接 |
|
|
|
正题名:高分子辐射化学基础
索取号:O631.34/H448
 
预约/预借
| 序号 | 登录号 | 条形码 | 馆藏地/架位号 | 状态 | 备注 |
| 1 | 106782 | 201067825 | 自科二线504/504自科库 24排2列2层/ [索取号:O631.34/H448] | 在馆 | |
| 2 | 106783 | 201067834 | 自科二线504/504自科库 26排1列2层/ [索取号:O631.34/H448] | 在馆 | |
| 3 | 106784 | 201067843 | 自科二线504/504自科库 26排1列6层/ [索取号:O631.34/H448] | 在馆 | |
| 4 | 106785 | 201067852 | 自科二线504/504自科库 24排2列2层/ [索取号:O631.34/H448] | 在馆 | |
| 5 | 106786 | 201067861 | 自科二线504/504自科库 26排1列3层/ [索取号:O631.34/H448] | 在馆 |